| 000 | 00805nam a2200265Ia 4500 | ||
|---|---|---|---|
| 003 | OSt | ||
| 005 | 20221007110621.0 | ||
| 006 | a|||||r|||| 00| 0 | ||
| 007 | ta | ||
| 008 | 221006b |||||||| |||| 00| 0 eng d | ||
| 024 | _a21,456 | ||
| 037 | _cTextual | ||
| 040 |
_aLCO _cLCO _beng |
||
| 041 |
_2eng _aeng |
||
| 082 | _aX81:97B:(Z2)qN48, L8 | ||
| 100 | _aVohra D.N. | ||
| 245 | 0 | _aEmployees' State Insurance Act, 1948 | |
| 250 | _a4th | ||
| 260 |
_aDelhi _bLabour Law Publishers India _c1978 |
||
| 300 | _a238+290 | ||
| 500 | _aIncluding Amendment Act of 1975 with Employees' State ( Central) Rules and Employees' State Insurance Regulations | ||
| 650 |
_aINSURANCE ACT _9701447 |
||
| 942 |
_hX81:97B:(Z2)qN48, L8 _cTEXL |
||
| 999 |
_c1191019 _d1191019 |
||